000 00322nam a2200133 i 4500
001 bg
245 0 _aDydaktyka komputerowa :
_bsystem - projektowanie - nauczanie.
260 _aSzczecin,
_c1981.
040 _cBPK
041 _apol
080 _a371.3:681.322
942 _cKS
008 s pl f |000 0 pol
999 _c20322
_d20322
856 _uhttp://koha.tu.koszalin.pl/cgi-bin/koha/opac-detail.pl?biblionumber=20322
_yKatalog online BPK